Elements of linear programming : (Record no. 10012)
[ view plain ]
| 000 -LEADER | |
|---|---|
| fixed length control field | 00969nam a22003012 4500 |
| 001 - CONTROL NUMBER | |
| control field | 10012 |
| 003 - CONTROL NUMBER IDENTIFIER | |
| rucl marc code | BD-RjUL |
| 005 - DATE AND TIME OF LATEST TRANSACTION | |
| control field | 20211208234858.0 |
| 008 - FIXED-LENGTH DATA ELEMENTS--GENERAL INFORMATION | |
| fixed length control field | 140122t1964 enka 001 0 eng d |
| 035 ## - SYSTEM CONTROL NUMBER | |
| System control number | (BD-RjUL)10059 |
| System control number | (CStRLIN)ILCGHZ1981147-B |
| 040 ## - CATALOGING SOURCE | |
| Original cataloging agency | ITD |
| Transcribing agency | ITD |
| Modifying agency | WSU |
| -- | UKM |
| -- | CGU |
| -- | CStRLIN |
| -- | BD-RjUL |
| Language of cataloging | eng |
| 041 ## - LANGUAGE CODE | |
| Language code of text/sound track or separate title | eng |
| 082 04 - DEWEY DECIMAL CLASSIFICATION NUMBER | |
| Classification number | 519.72 |
| Edition number | 18 |
| Author mark and year | GEE 1964 |
| 100 1# - MAIN ENTRY--PERSONAL NAME | |
| Personal name | Geary, R. C. |
| Fuller form of name | (Robert Charles), |
| Dates associated with a name | 1896- |
| 9 (RLIN) | 7723 |
| 245 10 - TITLE STATEMENT | |
| Title | Elements of linear programming : |
| Remainder of title | with economic applications / |
| Statement of responsibility, etc. | R.C. Geary and M.D. McCarthy. |
| 260 ## - PUBLICATION, DISTRIBUTION, ETC. (IMPRINT) | |
| Place of publication, distribution, etc. | London : |
| Name of publisher, distributor, etc. | Griffin, |
| Date of publication, distribution, etc. | c1964. |
| 300 ## - PHYSICAL DESCRIPTION | |
| Pagination | 126 p. : |
| Illustrations | ill. ; |
| Size | 22 cm. |
| 504 ## - BIBLIOGRAPHY, ETC. NOTE | |
| Bibliography, etc | Includes index. |
| 650 #0 - SUBJECT ADDED ENTRY--TOPICAL TERM | |
| Topical term or geographic name as entry element | Linear programming. |
| 9 (RLIN) | 30909 |
| Topical term or geographic name as entry element | Economics, Mathematical. |
| 9 (RLIN) | 30910 |
| 700 1# - ADDED ENTRY--PERSONAL NAME | |
| Personal name | McCarthy, M. D. |
| Personal name | Kendall, M. G. |
| 830 #0 - SERIES ADDED ENTRY--UNIFORM TITLE | |
| Volume number/sequential designation | no. 15 |
| 830 #0 - SERIES ADDED ENTRY--UNIFORM TITLE | |
| Uniform title | Griffin's statistical monographs & courses ; |
| 942 ## - ADDED ENTRY ELEMENTS (KOHA) | |
| Source of classification or shelving scheme | Dewey Decimal Classification |
| Koha item type | Books |
| Lost status | Source of classification or shelving scheme | Damaged status | Not for loan | Collection code | Permanent Location | Current Location | Shelving location | Date acquired | Source of acquisition | Cost, normal purchase price | Total Checkouts | Full call number | Date last seen | Copy number | Koha item type |
|---|---|---|---|---|---|---|---|---|---|---|---|---|---|---|---|
| Dewey Decimal Classification | Not For Loan | Non-fiction | Central Library, University of Rajshahi | Central Library, University of Rajshahi | Reading Room | 04/10/1967 | Book view | 32.00 | 519.72 GEE 1964 | 22/01/2014 | C-1 | Books | |||
| Dewey Decimal Classification | Non-fiction | Central Library, University of Rajshahi | Central Library, University of Rajshahi | 02/07/1970 | Book view | 24.00 | 519.72 GEE 1964 | 01/09/2016 | C-2 | Books | |||||
| Dewey Decimal Classification | Non-fiction | Central Library, University of Rajshahi | Central Library, University of Rajshahi | 02/07/1970 | Book View, | 24.00 | 519.72 GEE 1964 | 06/10/2016 | C-3 | Books |